[Event "Stay Safe Play From Home 172"]
[Site "T#646326Emanuel Laske"]
[Date "2020.05.25"]
[Round "5"]
[White "The Next Contender"]
[Black "Rogan"]
[Result "0-1"]
[WhiteElo "1965"]
[BlackElo "2282"]
[Annotator "TA"]
[PlyCount "112"]
[EventDate "2020.05.25"]
[EventType "swiss (blitz)"]

{[%evp 20,112,31,31,33,24,29,14,18,16,19,4,29,-54,-53,-56,-62,-66,-39,-53,-47,-62,-58,-71,-62,-58,-44,-51,-39,-74,-44,-49,-44,-43,-49,-58,-31,-64,0,-38,-6,-23,-14,-51,-48,-73,-90,-87,613,-89,-80,-539,-535,-768,-639,-1991,-1871,-1842,-1439,-2370,-1714,-5805,-2320,-5809,-5693,-2732,-1647,-1647,-1593,-1421,-1147,-1079,-960,-29981,-29982,-29983,-29984,-29984,-29985,-29985,-29986,-29986,-29987,-29987,-29988,-29989,-29989,-29989,-29990,-29991,-29991,-29993,-29992,-29993,-29994]} 1. d4 d5 2. c4 c6 3. Nf3 Nf6 4. e3 Bg4 5. Be2 g6 6. O-O Bg7 7. h3 Bxf3 8. Bxf3 O-O 9. b3 e6 10. Bb2 Nbd7 11. Nc3 Re8 {D94: Grünfeld: 4 Nf3 Bg7 5 e3.} 12. Rc1 Rc8 {[#]} 13. g3 $146 ({Predecessor:} 13. Rc2 a6 14. Qa1 Qe7 15. Rfc1 Rb8 16. a4 Bf8 17. a5 h5 18. e4 dxe4 19. Nxe4 Nxe4 20. Bxe4 {1-0 (43) Granda Zuniga,J (2674)-Mekhitarian,K (2558) Praia da Pipa 2014}) 13... a6 {The position is equal.} 14. Bg2 b5 15. cxb5 cxb5 16. b4 (16. Qd2 $11) 16... Nb6 17. Nb1 Nc4 18. Qb3 Nd7 19. Ba1 Ndb6 20. Rfd1 f5 21. Qd3 h5 22. Nd2 Nxd2 23. Qxd2 Nc4 24. Qd3 h4 {Hoping for ...hxg3.} 25. g4 Qg5 26. gxf5 gxf5 27. Kh1 Kf7 28. Rg1 {Threatening Bxd5!} Qe7 (28... Qh5 $15) 29. Bf3 {next Bh5+ is good for White.} Rg8 30. Bh5+ Kf8 31. Rg6 Bf6 32. Rcg1 {[%csl Gg1][%cal Rg6g8] [#]} Rxg6 33. Rxg6 Qh7 $2 {[%mdl 8192]} (33... Nd6 $17 34. Bb2 Ne4) 34. Qe2 $2 (34. Rxf6+ $18 Ke7 35. Rf7+ Qxf7 36. Bxf7 Kxf7 37. Bc3) 34... Ke7 $17 {Strongly threatening ...Rh8.} 35. Qf3 $2 {[%mdl 8192]} (35. Rg2 $17 {is a better chance.}) 35... Rh8 $19 36. Qf4 {White wants to mate with Qc7+.} Nd6 37. Bf3 Qxg6 38. Qh2 Rg8 39. Bg2 Ne4 40. Bc3 Nxf2+ 41. Kg1 Ne4 42. Be1 Qxg2+ 43. Qxg2 Rxg2+ 44. Kxg2 {[#]} Ng3 $1 45. Kf3 (45. Bxg3 hxg3) 45... Bg5 46. Bxg3 hxg3 {Black mates.} 47. Kxg3 Bxe3 48. Kf3 Bxd4 {[%mdl 4096] Endgame KB-K3P} 49. h4 Bg7 50. h5 Bh6 51. Kg3 Kf6 52. Kh4 e5 53. a3 e4 54. a4 d4 55. axb5 axb5 56. Kh3 d3 {Accuracy: White = 42%, Black = 68%.} 0-1

[Event "Stay Safe Play From Home 172"]
[Site "T#646326Emanuel Laske"]
[Date "2020.05.25"]
[Round "5"]
[White "Haxhi Baha"]
[Black "Weltszmerc"]
[Result "1-0"]
[WhiteElo "1956"]
[BlackElo "1994"]
[Annotator "TA"]
[PlyCount "85"]
[EventDate "2020.05.25"]
[EventType "swiss (blitz)"]

{[%evp 12,85,31,37,13,-50,0,-24,-10,-47,-21,-28,39,14,7,5,8,0,0,0,206,-18,144,101,231,218,220,232,232,229,395,391,378,357,412,402,431,274,349,284,317,250,242,177,493,189,262,264,354,318,317,319,336,312,348,352,353,351,631,606,767,643,784,599,1093,-8,556,559,559,557,557,555,555,544,537,504]} 1. e4 Nf6 2. e5 Nd5 3. c4 Nb6 4. d4 d6 5. exd6 cxd6 6. Nc3 g6 7. Nf3 Bg7 {B04: Alekhine's Defence: 4 Nf3.} 8. Bd3 (8. Be3 $11) 8... O-O 9. Be3 Nc6 {Black has an edge.} 10. Qd2 {[#]} e5 $146 ({Predecessor:} 10... Bg4 11. Ne2 Bxf3 12. gxf3 Qd7 13. h4 Rac8 14. h5 e5 15. Bh6 exd4 16. Bxg7 Kxg7 17. hxg6 fxg6 {1-0 (68) Eraslan,E (1397)-Ozyigit,I (1092) Konya 2019}) 11. d5 Ne7 (11... Nd4 $11) 12. Bh6 Bf5 13. Bxg7 Kxg7 14. h4 Bxd3 15. Qxd3 f5 $2 (15... h5 $11 {and Black is okay.}) 16. Qe2 $2 (16. Ng5 $18 Rf6 17. h5 (17. Ne6+ Rxe6 18. dxe6 Rc8 $18)) 16... Rc8 $2 ({Black should try} 16... h6 $11) 17. Ng5 $16 {And now Ne6+ would win. Black is on the road to losing.} Qd7 (17... Rf6 $16 {keeps fighting.}) 18. Ne6+ $18 {[%mdl 64] Double Attack} Kg8 19. Nxf8 Kxf8 20. b3 e4 $2 (20... h5 {was called for.} 21. a4 Qc7) 21. h5 Ng8 22. hxg6 hxg6 23. Qe3 Qg7 {intending ...Nxd5.} 24. O-O Nf6 25. f3 exf3 26. Rxf3 ({Much less strong is} 26. Qxf3 Nbd7 $18) 26... Re8 27. Qd4 Ng4 $2 (27... Nbd7 28. Nb5 Ne5) 28. Qxg7+ (28. Qxg4 $142 Qxc3 29. Qxf5+ $1 {[%mdl 512]} gxf5 30. Rxc3) 28... Kxg7 29. Nb5 Rd8 30. Nxa7 Nd7 31. Nb5 Nde5 32. Rff1 Kf6 33. Rae1 b6 34. a4 Rh8 $2 (34... Nh6 35. Re2 Nhf7) 35. Nxd6 Nd3 36. Re2 Nc5 37. Rf3 Ne5 {[#]} 38. Ne4+ $2 (38. Rxe5 $1 $18 Kxe5 39. Nf7+ {[%mdl 64] Double Attack} Ke4 40. Nxh8) 38... Kg7 $2 {[%mdl 8192]} (38... Nxe4 $11 {and Black has nothing to worry.} 39. Rfe3 g5) 39. Nxc5 {White is clearly winning.} Nxf3+ 40. gxf3 bxc5 41. Re7+ Kf6 42. Rc7 Rb8 43. f4 {Accuracy: White = 44%, Black = 25%.} 1-0

[Event "Stay Safe Play From Home 172"]
[Site "T#646326Emanuel Laske"]
[Date "2020.05.25"]
[Round "5"]
[White "Greblah"]
[Black "matanant"]
[Result "1-0"]
[WhiteElo "1840"]
[BlackElo "1647"]
[Annotator "NA RC"]
[PlyCount "101"]
[EventDate "2020.05.25"]
[EventType "swiss (blitz)"]

1. e4 {[%emt 0:00:01]} g6 {[%emt 0:00:00]} 2. d4 {[%emt 0:00:02]} Bg7 {[%emt 0:00:00]} 3. Nc3 {[%emt 0:00:00]} d6 {[%emt 0:00:00]} 4. f3 {[%emt 0:00:01]} Nd7 {[%emt 0:00:00]} 5. Be3 {[%emt 0:00:00]} Ngf6 {[%emt 0:00:03]} 6. Qd2 {[%emt 0:00:01]} O-O {[%emt 0:00:00]} 7. Bh6 {[%emt 0:00:00]} e5 {[%emt 0:00:01]} 8. d5 {[%emt 0:00:01]} c6 {[%emt 0:00:01]} 9. h4 {[%emt 0:00:01]} cxd5 {[%emt 0:00:01]} 10. h5 {[%emt 0:00:01]} dxe4 {[%emt 0:00:02]} 11. Nxe4 {[%emt 0:00:01]} Nxe4 {[%emt 0:00:02]} 12. fxe4 {[%emt 0:00:02]} Nf6 {[%emt 0:00:01]} 13. Bxg7 {[%emt 0:00:01]} Kxg7 {[%emt 0:00:01]} 14. hxg6 {[%emt 0:00:01]} fxg6 {[%emt 0:00:01]} 15. Qh6+ {[%emt 0:00:01]} Kg8 {[%emt 0:00:01]} 16. O-O-O {[%emt 0:00:01]} Rf7 {[%emt 0:00:01]} 17. Nf3 {[%emt 0:00:02]} Nxe4 {[%emt 0:00:01]} 18. Bd3 {[%emt 0:00:02]} Bf5 {[%emt 0:00:01]} 19. Bxe4 {[%emt 0:00:03]} Bxe4 {[%emt 0:00:01]} 20. Ng5 {[%emt 0:00:01]} Bxg2 {[%emt 0:00:04]} 21. Rh2 {[%emt 0:00:05]} Rc8 {[%emt 0:00:09]} 22. Rxg2 {[%emt 0:00:04]} Qc7 {[%emt 0:00:02]} 23. Nxf7 {[%emt 0:00:02]} Qxf7 {[%emt 0:00:01]} 24. Rh1 {[%emt 0:00:02]} Rc6 {[%emt 0:00:01]} 25. Rgh2 {[%emt 0:00:03]} Rc7 {[%emt 0:00:00]} 26. Qe3 {[%emt 0:00:02]} Qxa2 {[%emt 0:00:02]} 27. Qb3+ {[%emt 0:00:01]} Qxb3 {[%emt 0:00:03]} 28. Kb1 {[%emt 0:00:01]} Qb6 {[%emt 0:00:01]} 29. Rxh7 {[%emt 0:00:01]} a5 {[%emt 0:00:00]} 30. Rh8+ {[%emt 0:00:01]} Kf7 {[%emt 0:00:01]} 31. R1h7+ {[%emt 0:00:00]} Ke6 {[%emt 0:00:00]} 32. Rh6 {[%emt 0:00:01]} Kd5 {[%emt 0:00:00]} 33. Rxg6 {[%emt 0:00:01]} a4 {[%emt 0:00:01]} 34. Rh3 {[%emt 0:00:01]} a3 {[%emt 0:00:00]} 35. Rd3+ {[%emt 0:00:01]} Ke4 {[%emt 0:00:02]} 36. Rxa3 {[%emt 0:00:00]} Qb4 {[%emt 0:00:01]} 37. Rg4+ {[%emt 0:00:01]} Kf5 {[%emt 0:00:03]} 38. Rxb4 {[%emt 0:00:00]} d5 {[%emt 0:00:00]} 39. Rab3 {[%emt 0:00:00]} e4 {[%emt 0:00:00]} 40. Rxb7 {[%emt 0:00:00]} Rc5 {[%emt 0:00:02]} 41. Rf7+ {[%emt 0:00:01]} Ke6 {[%emt 0:00:02]} 42. Rc3 {[%emt 0:00:00]} Rxc3 {[%emt 0:00:01]} 43. b3 {[%emt 0:00:02]} Kxf7 {[%emt 0:00:00]} 44. Kb2 {[%emt 0:00:01]} Ke6 {[%emt 0:00:00]} 45. Kxc3 {[%emt 0:00:00]} Ke5 {[%emt 0:00:01]} 46. b4 {[%emt 0:00:01]} d4+ {[%emt 0:00:00]} 47. Kd2 {[%emt 0:00:01]} e3+ {[%emt 0:00:01]} 48. Kd3 {[%emt 0:00:01]} Kd5 {[%emt 0:00:00]} 49. b5 {[%emt 0:00:00]} Kc5 {[%emt 0:00:01]} 50. b6 {[%emt 0:00:00]} Kxb6 {[%emt 0:00:01]} 51. Kxd4 {[%emt 0:00:00] Time (Lag: Av=0.50s, max=0.7s)} 1-0

[Event "Stay Safe Play From Home 172"]
[Site "T#646326Emanuel Laske"]
[Date "2020.05.25"]
[Round "5"]
[White "Trotsky"]
[Black "Majstor-resa"]
[Result "0-1"]
[WhiteElo "1531"]
[BlackElo "1674"]
[Annotator "NA RC"]
[PlyCount "68"]
[EventDate "2020.05.25"]
[EventType "swiss (blitz)"]

1. d4 {[%emt 0:00:01]} d5 {[%emt 0:00:00]} 2. e3 {[%emt 0:00:00]} Nf6 {[%emt 0:00:00]} 3. c4 {[%emt 0:00:01]} Bg4 {[%emt 0:00:00]} 4. f3 {[%emt 0:00:02]} Bh5 {[%emt 0:00:01]} 5. Nc3 {[%emt 0:00:01]} e6 {[%emt 0:00:01]} 6. g4 {[%emt 0:00:01]} Bg6 {[%emt 0:00:02]} 7. c5 {[%emt 0:00:01]} Nc6 {[%emt 0:00:02]} 8. a3 {[%emt 0:00:01]} Qd7 {[%emt 0:00:01]} 9. h4 {[%emt 0:00:01]} h5 {[%emt 0:00:01]} 10. g5 {[%emt 0:00:03]} Nh7 {[%emt 0:00:01]} 11. Bd3 {[%emt 0:00:01]} Bxd3 {[%emt 0:00:03]} 12. Qxd3 {[%emt 0:00:01]} e5 {[%emt 0:00:01]} 13. Nh3 {[%emt 0:00:01]} exd4 {[%emt 0:00:03]} 14. Ne2 {[%emt 0:00:07]} dxe3 {[%emt 0:00:04]} 15. Bxe3 {[%emt 0:00:01]} O-O-O {[%emt 0:00:02]} 16. O-O-O {[%emt 0:00:01]} Ne5 {[%emt 0:00:01]} 17. Qc2 {[%emt 0:00:01]} Nxf3 {[%emt 0:00:02]} 18. Nd4 {[%emt 0:00:02]} Nxd4 {[%emt 0:00:03]} 19. Bxd4 {[%emt 0:00:02]} f6 {[%emt 0:00:01]} 20. Kb1 {[%emt 0:00:01]} fxg5 {[%emt 0:00:02]} 21. Rc1 {[%emt 0:00:01]} c6 {[%emt 0:00:02]} 22. Qa4 {[%emt 0:00:01]} Kb8 {[%emt 0:00:02]} 23. Rc3 {[%emt 0:00:02]} Rg8 {[%emt 0:00:03]} 24. Rhc1 {[%emt 0:00:02]} Qe6 {[%emt 0:00:02]} 25. Rb3 {[%emt 0:00:02]} Rd7 {[%emt 0:00:01]} 26. Bc3 {[%emt 0:00:01]} Bxc5 {[%emt 0:00:02]} 27. Ba5 {[%emt 0:00:01]} Bb6 {[%emt 0:00:01]} 28. Bxb6 {[%emt 0:00:01]} axb6 {[%emt 0:00:01]} 29. Rxb6 {[%emt 0:00:01]} Qe4+ {[%emt 0:00:01]} 30. Qxe4 {[%emt 0:00:04]} dxe4 {[%emt 0:00:01]} 31. Nf2 {[%emt 0:00:03]} e3 {[%emt 0:00:01]} 32. Ne4 {[%emt 0:00:03]} Re8 {[%emt 0:00:02]} 33. Nc5 {[%emt 0:00:02]} Rf7 {[%emt 0:00:03]} 34. a4 {[%emt 0:00:06]} e2 {[%emt 0:00:01] Âðåìÿ (Lag: Av=0.25s, max=0.4s)} 0-1

[Event "Stay Safe Play From Home 172"]
[Site "T#646326Emanuel Laske"]
[Date "2020.05.25"]
[Round "5"]
[White "UHU4"]
[Black "Vilmos47"]
[Result "1-0"]
[WhiteElo "1479"]
[BlackElo "977"]
[Annotator "NA"]
[PlyCount "63"]
[EventDate "2020.05.25"]
[EventType "swiss (blitz)"]

1. e4 {[%emt 0:00:02]} e5 {[%emt 0:00:01]} 2. Nf3 {[%emt 0:00:02]} Nc6 {[%emt 0:00:01]} 3. Bb5 {[%emt 0:00:03]} a6 {[%emt 0:00:01]} 4. Bxc6 {[%emt 0:00:01]} dxc6 {[%emt 0:00:02]} 5. Nxe5 {[%emt 0:00:00]} Qd4 {[%emt 0:00:01]} 6. Nf3 {[%emt 0:00:03]} Qxe4+ {[%emt 0:00:01]} 7. Qe2 {[%emt 0:00:01]} Qxe2+ {[%emt 0:00:06]} 8. Kxe2 {[%emt 0:00:01]} Bg4 {[%emt 0:00:00]} 9. h3 {[%emt 0:00:01]} Bxf3+ {[%emt 0:00:02]} 10. Kxf3 {[%emt 0:00:01]} O-O-O {[%emt 0:00:02]} 11. d3 {[%emt 0:00:01]} Bc5 {[%emt 0:00:02]} 12. Be3 {[%emt 0:00:02]} Bxe3 {[%emt 0:00:04]} 13. fxe3 {[%emt 0:00:01]} Nf6 {[%emt 0:00:01]} 14. Nc3 {[%emt 0:00:03]} h6 {[%emt 0:00:01]} 15. Rhf1 {[%emt 0:00:02]} Nd5 {[%emt 0:00:04]} 16. Nxd5 {[%emt 0:00:04]} cxd5 {[%emt 0:00:01]} 17. Kf2 {[%emt 0:00:01]} Rhf8 {[%emt 0:00:03]} 18. Kg1 {[%emt 0:00:01]} f5 {[%emt 0:00:01]} 19. Rf2 {[%emt 0:00:03]} g6 {[%emt 0:00:02]} 20. Raf1 {[%emt 0:00:01]} c5 {[%emt 0:00:01]} 21. e4 {[%emt 0:00:01]} dxe4 {[%emt 0:00:01]} 22. dxe4 {[%emt 0:00:01]} b5 {[%emt 0:00:05]} 23. exf5 {[%emt 0:00:02]} gxf5 {[%emt 0:00:04]} 24. Rxf5 {[%emt 0:00:01]} Rxf5 {[%emt 0:00:01]} 25. Rxf5 {[%emt 0:00:01]} Rd6 {[%emt 0:00:01]} 26. Rxc5+ {[%emt 0:00:02]} Kb7 {[%emt 0:00:01]} 27. Kh2 {[%emt 0:00:01]} Kb6 {[%emt 0:00:03]} 28. b4 {[%emt 0:00:06]} a5 {[%emt 0:00:02]} 29. a3 {[%emt 0:00:01]} axb4 {[%emt 0:00:01]} 30. axb4 {[%emt 0:00:01]} Rd4 {[%emt 0:00:03]} 31. c3 {[%emt 0:00:02]} Rd6 {[%emt 0:00:02]} 32. Kg3 {[%emt 0:00:01] Time (Lag: Av=0.50s, max=1.6s)} 1-0

[Event "Stay Safe Play From Home 172"]
[Site "T#646326Emanuel Laske"]
[Date "2020.05.25"]
[Round "6"]
[White "Praveen prasad"]
[Black "Rogan"]
[Result "0-1"]
[WhiteElo "2283"]
[BlackElo "2287"]
[Annotator "TA"]
[PlyCount "70"]
[EventDate "2020.05.25"]
[EventType "swiss (blitz)"]

{[%evp 9,70,-5,8,-19,-10,-24,-31,-25,-35,-57,-26,-37,-14,-50,-52,-55,-29,-60,-10,-24,-21,-33,-25,-29,-29,-30,-26,-31,-29,-47,-17,-18,-14,-20,0,-3,11,12,30,-52,-47,-73,-74,-132,-65,-454,-443,-549,-545,-523,-523,-868,-871,-869,-868,-863,-852,-2201,-1932,-5479,-6137,-2352,-2262]} 1. e4 d5 2. exd5 Nf6 3. Nc3 Nxd5 4. Nxd5 Qxd5 5. Qf3 Qc5 6. Qc3 {B02: Alekhine's Defence: Chase Variation and lines with early Nc3.} (6. Qb3 {looks sharper.} Qb6 7. Nf3 Bf5 8. c3 e6 9. d4) 6... e5 7. Qxc5 Bxc5 {[#]} 8. d3 $146 {Black is slightly better.} ({Predecessor:} 8. Bb5+ c6 9. Ba4 Be6 10. c3 Nd7 11. Ne2 Nf6 12. b4 Bb6 13. b5 c5 14. O-O {1-0 (37) Hararis,G (1789)-Louris,S (1873) Achaea 2016}) 8... Nc6 {[%cal Bb8c6,Bc6d4,Bd4e2][%mdl 32]} 9. Bd2 Nd4 10. O-O-O Be6 11. Kb1 O-O-O 12. Be3 {next c3 is good for White.} Bd5 13. Ne2 Nxe2 14. Bxc5 Nf4 15. f3 b6 16. Be3 Ne6 17. Be2 f6 18. Rhe1 Rhe8 19. Bf1 Nd4 20. c3 Nf5 21. Bf2 Bb7 22. b3 Nd6 23. Kc2 Ba6 24. d4 ({Better is} 24. a4 $11) 24... Bxf1 $15 25. Rxf1 exd4 26. Bxd4 (26. cxd4 $142 Re2+ 27. Rd2 Rxd2+ 28. Kxd2) 26... Nf5 (26... Re2+ $17 27. Rd2 Rxd2+ 28. Kxd2 c5) 27. Rd2 $2 {[%mdl 8192] [#] Now White is beyond hope.} (27. Rde1 $15) 27... Rxd4 $1 $19 {[%mdl 576] Remove Defender. Black is clearly winning.} 28. cxd4 {[%mdl 4096] Endgame KRR-KRN} Ne3+ {[%mdl 64] Double Attack} 29. Kd3 Nxf1 30. Re2 Rxe2 31. Kxe2 Nxh2 32. Kf2 h5 33. Kg1 {[#]} Nxf3+ $1 34. gxf3 g5 35. Kf2 Kd7 {Accuracy: White = 52%, Black = 74%.} 0-1

[Event "Stay Safe Play From Home 172"]
[Site "T#646326Emanuel Laske"]
[Date "2020.05.25"]
[Round "6"]
[White "Mepe_Nika"]
[Black "Indianquant"]
[Result "1-0"]
[WhiteElo "2253"]
[BlackElo "2233"]
[Annotator "TA"]
[PlyCount "41"]
[EventDate "2020.05.25"]
[EventType "swiss (blitz)"]

{[%evp 9,41,42,44,25,37,6,33,0,0,0,4,0,0,0,30,5,92,94,74,0,70,70,91,85,86,90,315,314,307,103,1143,1091,2630,2600]} 1. d4 Nf6 2. Bf4 e6 3. e3 b6 4. Qf3 c6 {[#]} 5. Nc3 $146 ({Predecessor:} 5. g4 d5 6. Nd2 Ba6 7. Bg2 c5 8. g5 Nfd7 9. Qg3 cxd4 10. exd4 Nc6 11. c3 Rc8 {0-1 (26) Bobrowski,D (1617)-Lotz,R (1882) Heusenstamm 2019}) 5... d5 6. Bd3 {A45: Trompowsky Attack.} Bd6 7. Nge2 Ba6 (7... Bxf4 {feels hotter.} 8. Nxf4 Nbd7 9. e4 dxe4 10. Nxe4 Qc7) 8. e4 {[#] Threatens to win with e5.White is slightly better.} (8. Bxa6 {keeps more tension.} Nxa6 9. g4 Bxf4 10. Qxf4 b5 11. h4) 8... Bxd3 9. Qxd3 {e5 is the strong threat.} Bxf4 10. Nxf4 dxe4 11. Nxe4 Nd5 12. Nh5 O-O (12... g6 $11 {remains equal.}) 13. Qg3 $36 {[%csl Gh5][%cal Rg3g7][%mdl 2048] [#] White is really pushing.} g6 14. Nf4 (14. c4 $16 f5 15. cxd5 fxe4 16. dxe6) 14... Nxf4 (14... Nd7 $11) 15. Qxf4 $14 f5 16. Ng5 Re8 17. h4 c5 $2 (17... Nd7 $16) 18. O-O-O $18 cxd4 19. h5 $2 (19. Rxd4 $18 Qe7 20. Re1) 19... e5 $2 {[%mdl 8192]} (19... h6 $16) 20. Qg3 {Black must now prevent Qb3+.} h6 21. Qb3+ {Accuracy: White = 43%, Black = 42%.} 1-0

[Event "Stay Safe Play From Home 172"]
[Site "T#646326Emanuel Laske"]
[Date "2020.05.25"]
[Round "6"]
[White "SoulofWolf"]
[Black "Lazieri3"]
[Result "1-0"]
[WhiteElo "2225"]
[BlackElo "2155"]
[Annotator "TA"]
[PlyCount "105"]
[EventDate "2020.05.25"]
[EventType "swiss (blitz)"]

{[%evp 9,105,-20,-22,-14,0,0,16,-54,30,27,43,0,38,-6,50,0,45,45,51,33,45,45,38,18,35,0,45,-17,0,-34,-33,-35,-22,-683,-44,-51,-43,-71,-58,-68,-38,-67,-27,-34,-45,-143,-81,-171,-79,-82,-75,-75,-35,-41,-37,-50,-38,-73,-81,-122,-120,-134,-131,-136,-133,-179,-179,-189,-137,-194,-149,-351,-163,-159,-178,-867,-867,-846,-796,-734,-731,-862,-860,-852,-839,-1058,-1042,-1977,-1753,-1739,-1027,-900,-877,-870,-827,-863,-680,-870]} 1. d4 c6 2. Nf3 d5 3. c4 Nf6 4. Nc3 Bf5 5. a4 e6 6. Bg5 {D11: Slav Defence: 3 Nf3 sidelines and 3...Nf6 4 e3 Bg4.} Be7 7. e3 Ne4 8. Bf4 {[#]} (8. Bxe7 $11 Qxe7 9. Bd3) 8... Nxc3 $146 (8... Qa5 $15 9. Qb3 Qb4 10. Qxb4 Bxb4) ({Predecessor:} 8... Bb4 9. Qb3 Qa5 10. Rc1 O-O 11. Bxb8 Raxb8 12. Ne5 Rfd8 13. f3 Nxc3 14. bxc3 Be7 {0-1 (33) Klawitter,B (1388)-Said,S (1601) Pinneberg 2017}) 9. bxc3 $11 Bd6 10. Qb3 {Strongly threatening Bxd6.} b6 11. Bg5 Be7 (11... Qc7 $11) 12. Bf4 Bd6 13. Bxd6 Qxd6 14. Be2 O-O 15. O-O Nd7 16. a5 h6 17. Ra3 Rab8 18. Qa2 (18. axb6 $14 axb6 19. Ra7) 18... dxc4 {White should prevent ...b5.} 19. Bxc4 b5 20. Be2 a6 21. Qd2 $2 {[%mdl 8192]} (21. c4 $11) 21... c5 $2 ({Black should try} 21... Qxa3 $19 22. Ne1 Qxa5) 22. Raa1 $15 cxd4 23. exd4 Bg4 24. h3 Bh5 (24... Bxf3 $5 25. Bxf3 Rfc8 $15) 25. Rfc1 Rfc8 26. g4 Bg6 27. Nh4 (27. Qe3 $15) 27... Bh7 (27... Be4 $142 28. c4 bxc4 29. Bxc4 Nf6) 28. Ng2 {[#]} (28. c4 $17) 28... Be4 (28... Nc5 $1 $19 {[%cal Rc5b3][%mdl 512] is more deadly. White must now prevent ...Nb3.} 29. Qd1 (29. dxc5 Qxd2) 29... Ne4) 29. Qf4 $17 Qxf4 30. Nxf4 Nf6 31. f3 Bd5 32. Kf2 Bc4 33. Ke3 Bxe2 {Black keeps a firm grip on the game.} 34. Nxe2 Nd5+ 35. Kd3 Rc7 36. Ra3 Rbc8 37. Rb3 Rc4 38. h4 Ra4 (38... b4 $19 39. Rcb1 bxc3) 39. f4 (39. Rbb1 $17 {was worth a try.}) 39... Rxa5 40. f5 $2 (40. Rbb1 $17) 40... Ra2 (40... exf5 $142 41. gxf5 Re8) 41. fxe6 $19 fxe6 {aiming for ...Rf8.} 42. c4 $2 (42. Rbb1) 42... bxc4+ {[%mdl 64] Overworked Piece. Black is clearly winning.} 43. Rxc4 Rxc4 44. Kxc4 Rxe2 {[%mdl 4096] Endgame KRN-KR} 45. Rb8+ Kh7 46. Kc5 Rg2 47. Kd6 Rxg4 48. Kxe6 Rxd4 49. Ke5 Rd1 50. Ra8 Nb4 51. Kf5 Nc6 52. Rxa6 Nd4+ 53. Kg4 {[%mdl 32768] Accuracy: White = 38%, Black = 49%. . Sensor Board Error (Ke4/e5)?} 1-0

[Event "Stay Safe Play From Home 172"]
[Site "T#646326Emanuel Laske"]
[Date "2020.05.25"]
[Round "6"]
[White "Castlingarrocco"]
[Black "Greblah"]
[Result "1-0"]
[WhiteElo "2011"]
[BlackElo "1848"]
[Annotator "TA"]
[PlyCount "101"]
[EventDate "2020.05.25"]
[EventType "swiss (blitz)"]

{[%evp 9,101,2,19,10,1,-6,19,17,30,38,37,26,25,-4,0,-1,0,0,10,0,5,16,120,125,153,145,135,112,116,51,143,14,8,12,20,-22,55,64,61,58,52,19,33,-4,2,-80,-12,-12,-11,-14,-8,-445,-64,-79,-81,-133,-106,-236,-225,-454,-470,-507,-52,-258,-245,-240,-206,-217,-187,-225,-218,-308,-275,-1147,-1139,-1090,-1085,-2304,-904,-29989,-1270,-29994,-29990,-29990,-29981,-29981,-29982,-29980,-29977,-29977,-29978,-29971,-11663,-29988]} 1. d4 c6 2. e3 d5 3. f4 Nf6 4. Nf3 g6 5. Bd3 Bg7 6. Qe2 {D00: 1 d4 d5: Unusual lines.} O-O 7. c3 Nbd7 8. Nbd2 {[#] The position is equal.} e6 $146 ({Predecessor:} 8... c5 9. Ne5 Qc7 10. h3 c4 11. Bc2 b5 12. a4 b4 13. cxb4 Rb8 14. b5 Nxe5 15. fxe5 {0-1 (50) Do Ngoc My,L-Vang,T Dong Thap 2003}) 9. O-O b6 10. Ne5 Bb7 11. g4 c5 12. g5 Ne4 13. Nxe4 dxe4 14. Bc2 cxd4 15. exd4 Nxe5 (15... f5 $11) 16. fxe5 $16 Qd5 17. Be3 Rac8 18. Bb3 Qd7 19. Qg4 (19. h4 $16) 19... Qc6 (19... b5 $14) 20. Rf6 (20. h4 $16) 20... Bxf6 $11 21. gxf6 Kh8 $1 22. Qg5 Rg8 (22... Ba6 $11) 23. Rf1 $1 $14 {[%cal Ba1f1,Bf1f4,Bf4h4][%mdl 1056] Intending Rf4 and mate. White has compensation.} Ba6 24. Rf4 {White threatens Rh4! and mate.} Be2 {[#]} 25. Rh4 $1 {[%mdl 512] Rxh7+! would kill now.} Bh5 $1 26. Qg3 Qb5 27. Bh6 {[#]} (27. Qf2 $1 $11 {remains equal.}) 27... Qe2 ({Better is} 27... Bf3 $1 $17 {And now ...g5! would win.} 28. Bg7+ Rxg7 29. fxg7+ Kg8) 28. Bg7+ $11 Rxg7 29. fxg7+ Kxg7 30. Rf4 $2 {[%mdl 8192]} (30. Qf2 $11 {and White has nothing to worry.}) 30... Qd3 $2 ({Black should try} 30... Qxb2 $19 31. Qf2 Qc1+ 32. Qf1 Qxf1+ 33. Kxf1 Rxc3 34. Rxe4 a5) 31. Qxd3 exd3 $15 {[%mdl 4096] Endgame KRB-KRB} 32. Rf2 (32. Rf1 $142) 32... Be2 $17 33. Kg2 (33. Rg2 $17) 33... b5 $19 34. Rf4 $2 (34. Kg3) 34... a5 35. Kf2 b4 $2 (35... g5 $19 36. Rf6 a4 37. Bxe6 fxe6) 36. Ke3 $2 (36. cxb4 $15 g5 37. Rf6) 36... bxc3 37. bxc3 Rxc3 38. Kd2 Rc6 39. Rf2 Rb6 40. d5 {[#]} (40. Bc4 {was worth a try.}) 40... a4 $1 41. d6 $2 (41. Bxa4 Rb2+ 42. Ke3 exd5 43. a3) 41... axb3 42. axb3 Rxb3 {KRB-KR} 43. Ke3 Rb2 44. Kd4 Rb8 (44... d2 $142 45. Kc3 d1=Q 46. Kxb2 Qd2+ 47. Kb3 Qe3+ 48. Kc2 Qxf2 49. Kc3 Qe3+ 50. Kb4 Qd4+ 51. Kb3 Bd1+ 52. Ka3 Qc3+ 53. Ka2 Bb3+ 54. Kb1 Qc2+ {[%mdl 64] Double Attack} 55. Ka1 Qc1#) 45. Kc5 Rc8+ 46. Kb6 f6 47. Kb7 Re8 48. d7 Rd8 49. Kc7 {[#]} Rxd7+ $1 {[%mdl 64] Promotion} 50. Kxd7 d2 51. exf6+ {[%mdl 32768] Quite a comeback for Black. Accuracy: White = 32%, Black = 58%. . Loss on time!?} 1-0